000 00567nam a2200181 i 4500
001 88204
003 ES-MaACL
005 20230906175823.0
007 t|
008 050103s1972 sp ||||1| spa d
100 1 _aLaidler, David E. W.
_969663
245 1 3 _aLa demanda de dinero
_b: teorías y evidencia /
_cDavid E.W. Laidler ; [traducción de Elena Blanchar, Luis Fina].
260 _aBarcelona :
_bBosch,
_c[1972]
300 _a159 p. ;
_c22 cm.
700 1 _aBlanchar, Elena.
_929138
700 1 _aFina, Lluís.
_950864
852 _aES-MaACL
_jC-45739
_bR.83595
999 _c88204
_d88204